000 01263nam a2200241Ia 4500
003 Ost
005 20260507075234.0
008 260507s9999||||xx |||||||||||||| ||und||
040 _cfsecg
041 _aara
082 _a330
100 _aحلاوة، جمال
_eمؤلف
245 0 _aمدخل الى علم التنمية /
_c جمال حلاوة
260 _aعمان:
_bدار الشروق,
_c2009
300 _a320 صفحة؛
_c24 سم
504 _aمراجع ص.317
520 _aتطور مفهم التنمية ، نظريات و خصائص التنمية ، مفهوم التخلف و البلاد المتخلفة ، التخطيط للتنمية ، رئية بيئية حول التنمية المستدامة ، التنمية الاجتماعية ، التنمية الاقتصادية ، التنمية الادارية ، التنمية البشرية ، مؤشرات التنمية المساقلة ، العولمة و الخصخصة ، تجارب عالمية في التنمية ، واقع التنية في فلسطين .
653 _aالتنمية
653 _aالتنمية الاجتماعية
653 _aالتنمية الاقتصادية
700 _aصالح، علي
_eمؤلف ثانوي
942 _cكتاب
999 _c43577
_d43577